Problems of soil science (Запись № 10542530)

Подробности
000 -МАРКЕР
контрольное поле 01449nam0a22003131 4500
001 - ИДЕНТИФИКАТОР ЗАПИСИ
контрольное поле RU\INFOCOMM_322\NLR\5000260882
005 - ИДЕНТИФИКАТОР ВЕРСИИ
контрольное поле 20250614080456.0
010 ## - МЕЖДУНАРОДНЫЙ СТАНДАРТНЫЙ НОМЕР КНИГИ (ISBN)
Тираж 600 экз.
Номер (ISBN) 5-02-007279-6
035 ## - ДРУГИЕ СИСТЕМНЫЕ НОМЕРА
Идентификатор записи (NLR Aleph) 010602667
100 ## - ДАННЫЕ ОБЩЕЙ ОБРАБОТКИ
Данные общей обработки 20130323d1990 |||y0rusy50 ca
101 1# - ЯЗЫК РЕСУРСА
Язык текста, звукозаписи и т.д. английский
102 ## - СТРАНА ПУБЛИКАЦИИ ИЛИ ПРОИЗВОДСТВА
Страна публикации российская федерация
105 ## - ПОЛЕ КОДИРОВАННЫХ ДАННЫХ: ТЕКСТОВЫЕ МАТЕРИАЛЫ, МОНОГРАФИЧЕСКИЕ
Кодированные данные о монографическом текстовом документе y z||||
200 1# - ЗАГЛАВИЕ И СВЕДЕНИЯ ОБ ОТВЕТСТВЕННОСТИ
Основное заглавие Problems of soil science
Сведения, относящиеся к заглавию Sov. pedologists to the XIVth Intern. congr. of soil science
Первые сведения об ответственности Ed.-in-chief: Corr. Mem. USSR Acad. Sci. V. A. Kovda, Dr Sci. in geography M. A. Glazovskaya
Последующие сведения об ответственности [Comp. by M. I. Gerasimova, N. P. Chizhikova
-- Transl. by M. K. Victorova]
-- USSR Acad. of sciences, All-Union soc. of soil scientists, Inst. of soil science and photosynthesis
210 ## - ПУБЛИКАЦИЯ, РАСПРОСТРАНЕНИЕ И ДР.
Место издания, распространения и т.д. M.
Имя издателя, распространителя и т. д. Nauka
Дата издания, распространения и т.д. 1990
215 ## - ФИЗИЧЕСКАЯ ХАРАКТЕРИСТИКА
Специфическое обозначение материала и объем 288 с., [1] л. карт.
Другие сведения о физической характеристике ил., карт.
Размеры 21 см
300 ## - ОБЩИЕ ПРИМЕЧАНИЯ
Текст примечания В вып. дан.: Проблемы почвоведения: Сов. почвоведы к XIV Междунар. конгрессу почвоведов
320 ## - ПРИМЕЧАНИЯ О НАЛИЧИИ В ДОКУМЕНТЕ БИБЛИОГРАФИИ / УКАЗАТЕЛЯ
Текст примечания Библиогр. в конце статей
620 ## - МЕСТО И ДАТА ПУБЛИКАЦИИ, ИСПОЛНЕНИЯ И Т. Д.
Страна Москва
686 ## - ИНДЕКСЫ ДРУГИХ КЛАССИФИКАЦИЙ
Индекс П03
Код системы
702 #1 - ИМЯ ЛИЦА - ВТОРИЧНАЯ ОТВЕТСТВЕННОСТЬ
Начальный элемент ввода Gerasimova
Часть имени, кроме начального элемента ввода M. I.
Расширение инициалов личного имени Marija Innokent'evna
Код отношения Составитель
702 #1 - ИМЯ ЛИЦА - ВТОРИЧНАЯ ОТВЕТСТВЕННОСТЬ
Начальный элемент ввода Kovda
Часть имени, кроме начального элемента ввода V. A.
Даты 1904-
Расширение инициалов личного имени Viktor Abramovič
Код отношения Редактор
712 12 - НАИМЕНОВАНИЕ ОРГАНИЗАЦИИ - ВТОРИЧНАЯ ОТВЕТСТВЕННОСТЬ
Начальный элемент ввода International congress of soil science
Порядковый номер временной организации и / или порядковый номер ее части 14
Место проведения временной организации Tokyo
Дата проведения временной организации 1990
Код отношения Прочие
801 #1 - ИСТОЧНИК ЗАПИСИ
Страна российская федерация
Организация Infocomm
Дата составления 20130323
801 #0 - ИСТОЧНИК ЗАПИСИ
Страна российская федерация
Организация INFOCOMM
Правила каталогизации PSBO
852 ## - МЕСТОНАХОЖДЕНИЕ И ШИФР ХРАНЕНИЯ
Идентификатор организации NLR
Шифр хранения (Call Number) С15 Д-3/24
942 ## - ДОПОЛНИТЕЛЬНЫЕ ЭЛЕМЕНТЫ ЗАПИСИ (АБИС)
Тип экземпляра АБИС Книга
980 ## - КОЛЛЕКЦИЯ
Название коллекции Национальная библиография

Нет доступных экземпляров.